Dios como problema
Guardado en:
| Autor principal: | |
|---|---|
| Formato: | Libro |
| Lenguaje: | español |
| Publicado: |
Madrid
Ediciones Cristiandad
1973
|
| Edición: | 1a. ed |
| Colección: | Epifanía, 4
|
| Materias: | |
| Etiquetas: |
Agregar Etiqueta
Sin Etiquetas, Sea el primero en etiquetar este registro!
|
MARC
| LEADER | 00000cam a2200000 a 4500 | ||
|---|---|---|---|
| 001 | UCE7044 | ||
| 003 | CL-VaPUC | ||
| 008 | 150520e19730000sp |||||||||||||||||spa|d | ||
| 020 | |a 8470571508 | ||
| 082 | 0 | 4 | |a 231.044 |b RAT |2 21 |
| 100 | |a Ratzinger, Joseph, |c Papa |e autor |9 494399 | ||
| 245 | 1 | 0 | |a Dios como problema |
| 250 | |a 1a. ed | ||
| 300 | |a 236 p | ||
| 942 | |c BK | ||
| 945 | |d 20150520 16:51:00 |a dcastane | ||
| 260 | |a Madrid |b Ediciones Cristiandad |c 1973 | ||
| 650 | 0 | |a Dios |9 266622 | |
| 650 | 0 | |a Existencia de Dios |9 266954 | |
| 583 | |a last modification |c 20150520 16:51:00 |k Rodrigo Vera | ||
| 490 | 0 | |a Epifanía, 4 | |
| 999 | |c 359186 |d 359184 | ||
| 952 | |0 0 |1 0 |3 erb |4 0 |6 231_044000000000000_RAT_1973 |7 0 |8 A |9 468258 |a BIBTEO |b BIBTEO |e Casale Rolle, Carlos Ignacio, -2014 |i 5181291 |o 231.044 RAT 1973 |p 5181291 |r 2025-01-17 |w 2019-11-23 |y BK |z Catalogado en:20150520 |k ICR | ||